000 01047nam a2200301Ia 4500
001 79346
003 IT-RoPAU
008 130308s9999 xx 000 0 und d
040 _aIT-RoPAU
040 _cIT-RoPAU
041 _aINGLESE
100 _aMiller Fred
100 _gCodice Aut. SPICS: 16046
245 _aMusic in Advertising
245 _bMusic in Advertising
250 _a1a ed.
260 _aNEW YORK
260 _bAmsco Publications
260 _c1985 [1° Ed.:1985 - Ed.Ling.Originale:1985]
300 _a"102 p. (prefazione: 12; testo: 90 [pagine: 0-0])"
500 _aMusica nella PubblicitĂ  Gare e giocatori Origine della Musica per Uso commerciale Produzione Musicale Pre e Post Produzione tom Dawes e Ginny Reddington Compositori Leon Pendarvis Arrangiatore Georgi Offrell Lomedico produttore Joe Ward cantante Steve Friedman Tecnico Will Lee Musicista Fred Miller Autore
650 _aSAGGI MUSICALI
650 _eCodice materia Spics: 7011
942 _cBK
957 _71
999 _c74439
_d74439
999 _bSI
999 _g1